Songsbirds of Turkey : an atlas of biodiversity of Τurkish passerine birds
Αποθηκεύτηκε σε:
| Κύριος συγγραφέας: | |
|---|---|
| Μορφή: | Βιβλίο |
| Γλώσσα: | English |
| Δημοσίευση: |
Robertsbridge :
Pica,
1995
|
| Θέματα: | |
| Ετικέτες: |
Προσθήκη ετικέτας
Δεν υπάρχουν, Καταχωρήστε ετικέτα πρώτοι!
|
MARC
| LEADER | 00000nam a2200000 i 4500 | ||
|---|---|---|---|
| 001 | 1/9732 | ||
| 008 | 970304s1995 eng d | ||
| 020 | |a 1-873403-44-5 | ||
| 035 | |l 10017595 | ||
| 040 | |a GR-MY-UA |b gre |e aacr | ||
| 041 | 0 | |a eng | |
| 082 | 0 | |a 598.809561 | |
| 100 | 1 | |a Roselaar, Cees S. | |
| 245 | 1 | 0 | |a Songsbirds of Turkey : |b an atlas of biodiversity of Τurkish passerine birds / |c C. S. Roselaar |
| 260 | |a Robertsbridge : |b Pica, |c 1995 | ||
| 300 | |a 240 p. |b maps | ||
| 504 | |a Includes bibliographical references and index | ||
| 650 | 0 | 0 | |a Songbirds |z Turkey. |
| 650 | 0 | 0 | |a Biological diversity |z Turkey. |
| 852 | |a INST |b LESVOS |e 19970304 |h 598.809561 ROS |p 005100011821 |q 005100011821 |t BK |y 0 | ||
| 909 | |a Λ |b 049660 | ||
| 922 | |a 1ΕΛΗ |b 199701 |c ΑΚΡΙΩΤΗΣ | ||
| 950 | |a 077-1996-07-16 | ||